Načítá se...

Nanotechnology: understanding small systems /

Podrobná bibliografie
Další autoři: Adams,, Rogers Pennathur
Médium: Printed Book
Jazyk:English
Vydáno: London: CRC, 2008.
Témata:
LEADER 00613cam a2200205ua 4500
008 120319t2008||||||||||| 00 ||eng c
041 0 |a eng 
082 |a 620.5  |b ADA/N 
245 1 0 |a Nanotechnology: understanding small systems /  
260 |a London:  |b CRC,  |c 2008. 
300 |a 398p.. 
362 1 |a 2008. 
650 |a Engineering 
650 0 |a Nanotechnology 
650 0 |a Nanomaterials 
650 0 |a Nanomechanics 
700 0 2 |a Adams,, Rogers Pennathur 
942 |c BK 
999 |c 26794  |d 26794 
952 |0 0  |1 0  |4 0  |6 620_500000000000000_ADA  |7 0  |9 28548  |a KUCL  |b KUCL  |d 2014-05-23  |l 0  |o 620.5 ADA/  |p 28405  |r 2014-05-23  |w 2014-05-23  |y BK